Basic neuroanatomy : an English-Czech textbook. Pt. 2, Pathways of CNS /

Hlavní autor: Petrovický, Pavel, 1937-2019
Korporativní autor: Univerzita Karlova. Lékařská fakulta, 1.
Jazyk: Angličtina
Vydáno: Praha : Karolinum, 1997
Vydání: 1. vyd.
Témata:
Fyzický popis: 183 s. : il. ; 30 cm
Knihy
Uloženo v:
LEADER 01274nam a2200337 a 4500
001 000234348
003 CZ BrMZK
005 20210421081649.0
007 ta
008 960815s1997 xr e p 0 eng d
015 |a cnb000286052 
020 |a 80-7184-425-X 
035 |a (OCoLC)40087300 
040 |a BOA001  |b cze 
072 7 |a 611  |x Anatomie člověka a srovnávací anatomie  |2 Konspekt  |9 14 
072 7 |a 37.016  |x Učební osnovy. Vyučovací předměty. Učebnice  |2 Konspekt  |9 22 
080 |a 611.81  |2 MRF 
080 |a (075.8)  |2 MRF 
100 1 |a Petrovický, Pavel,  |d 1937-2019  |7 jn20000710472  |4 aut 
245 1 0 |a Basic neuroanatomy :  |b an English-Czech textbook.  |n Pt. 2,  |p Pathways of CNS /  |c Pavel Petrovický 
246 3 0 |a Pathways of CNS 
250 |a 1. vyd. 
260 |a Praha :  |b Karolinum,  |c 1997 
300 |a 183 s. :  |b il. ;  |c 30 cm 
500 |a Vyd. Univ. Karlova v Praze. - Určeno pro posl. lék. fak. UK 
650 0 7 |a centrální nervový systém  |7 ph119102  |2 czenas 
655 7 |a učebnice vysokých škol  |7 fd133772  |2 czenas 
710 2 |a Univerzita Karlova.  |b Lékařská fakulta, 1.  |7 kn20010709366 
910 |a BOA001  |b 4-1036.665,2 
990 |a BK 
996 7 |b 2610059312  |c 4-1036.665,2  |l MZK  |r Sklad / do 1 hodiny  |n 12  |p p.v.  |w 000234348  |u 000010  |a 1  |e BOA001  |j MZK50  |s A